Linear.Algebra (Record no. 1003)

MARC details
000 -LEADER
fixed length control field 00243nam a22001217a 4500
041 ## - LANGUAGE CODE
Language code of text/sound track or separate title ENG
100 ## - MAIN ENTRY--PERSONAL NAME
Personal name Janich .K
245 ## - TITLE STATEMENT
Title Linear.Algebra
260 ## - PUBLICATION, DISTRIBUTION, ETC. (IMPRINT)
Place of publication, distribution, etc Delhi
Name of publisher, distributor, etc Springer
Date of publication, distribution, etc 2001
300 ## - PHYSICAL DESCRIPTION
Extent 204
650 ## - SUBJECT ADDED ENTRY--TOPICAL TERM
Topical term or geographic name as entry element M.Tech
856 ## - ELECTRONIC LOCATION AND ACCESS
Uniform Resource Identifier M.Tech -(7)
Holdings
Withdrawn status Lost status Source of classification or shelving scheme Damaged status Not for loan Home library Current library Shelving location Date acquired Cost, normal purchase price Total Checkouts Barcode Date last seen Price effective from Koha item type
    Dewey Decimal Classification     College of Agricultural Engineering and Technology, Dapoli , Library College of Agricultural Engineering and Technology, Dapoli , Library Book Cart 09/09/2021 595.00   003862 09/09/2021 09/09/2021 Books
    Dewey Decimal Classification     College of Agricultural Engineering and Technology, Dapoli , Library College of Agricultural Engineering and Technology, Dapoli , Library Book Cart 09/09/2021 595.00   003863 09/09/2021 09/09/2021 Books
    Dewey Decimal Classification     College of Agricultural Engineering and Technology, Dapoli , Library College of Agricultural Engineering and Technology, Dapoli , Library Book Cart 09/09/2021 595.00   003864 09/09/2021 09/09/2021 Books

Contact Us: College of Agricultural Engineering and Technology, Dapoli, Dist.- Ratnagiri
Website: https://dbskkv.org Email: caetlibrary2015@gmail.com